000 00768nam a2200253Ia 4500
003 OSt
005 20221005062258.0
006 a|||||r|||| 00| 0
007 ta
008 221004b |||||||| |||| 00| 0 eng d
020 _a9781138038257 (hbk)
_cINR 1595.00
024 _a34064
037 _b071, 15/09/2017, Classic Book Service
_cTextual
040 _aCRL
_cCRL
_beng
041 _2eng
_aeng
082 _aO15,1A1, Q7
100 _aRooney Dawn F. Ed.
_9601622
245 0 _aThiri rama
_b finding Ramayana in Myanmar
260 _aLondon
_bRoutledge UK
_c2017
300 _axvii,371p.
_ccm.
650 _aRAMAYANA
942 _hO15,1A1, Q7
_cTEXL
_2cc
999 _c969431
_d969431